00866nam a22002297a 450000500170000000800410001702000170005804000230007505000110009810000220010924500360013125000520016726000370021930000360025650000200029265000140031265000240032670000240035085600850037485600730045985601040053220231220072229.0231220b |||||||| |||| 00| 0 eng d a0070611750 : aDLCcKMUdKMUerda00aQA 3031 aStein, Sherman K.10aCalculus and analytic geometry. a5th ed. /bSherman K. Stein, Anthony Barcellos. aNew York :bMcGraw-Hill,cc1992. axxxv, 1041 p. :bill. ;c26 cm. aIncludes index. 0aCalculus. 0aGeometry, Analytic.1 aBarcellos, Anthony.423Publisher descriptionuhttp://www.loc.gov/catdir/description/mh022/91011421.html413Table of contentsuhttp://www.loc.gov/catdir/toc/mh021/91011421.html423Contributor biographical informationuhttp://www.loc.gov/catdir/enhancements/fy0737/91011421-b.html